000 01098nam a2200301 i 4500
003 EG-ScBUE
005 20241212105619.0
008 170718s2024 ua f f000 0bara d
017 _a30268
020 _a9789778726114
040 _aEG-ScBUE
_bara
_erda
_cEG-ScBUE
_dEG-ScBUE
082 0 4 _a791.43028092
_bخ م ي
_222
100 1 _aخميسي، أحمد،
_d1948-
_eمؤلف.
_938780
245 1 2 _aالسندريلا والقديس :
_bمكتشف سعاد حسني يروي القصة /
_cد. أحمد الخميسي.
250 _aالطبعة الأولى.
264 1 _aالجيزة، مصر :
_bأطياف للنشر والتوزيع،
_c2023.
300 _a131 صفحة :
_bصور ؛
_c24 سم
336 _2rdacontent
_aنص
_btxt
337 _2rdamedia
_aبدون وسيط
_bn
338 _2rdacarrier
_aمجلد
_bnc
590 _aدعاء
600 1 7 _2BUEsh
_aحسني، سعاد،
_d1943-2001.
650 7 _2BUEsh
_aالممثلون و الممثلات المصريون
_vتراجم.
_98633
651 _2BUEsh
653 _bGGEN
_cJuly2017
655 _vReading book
942 _2ddc
999 _c30835
_d30806